| 000 | 00577nam a2200193 i 4500 | ||
|---|---|---|---|
| 001 | 26888 | ||
| 003 | ES-MaACL | ||
| 005 | 20250829080801.0 | ||
| 007 | t| | ||
| 008 | 030110s1965 sp ||||1| spa d | ||
| 100 | 1 |
_aArribas, Antonio. _923284 |
|
| 245 | 1 | 4 |
_aLos íberos / _cAntonio Arribas ; Prólogo de Juan Maluquer de Motes. |
| 250 | _a[1ª ed.]. | ||
| 260 |
_aBarcelona : _bAymá, _c[1965] |
||
| 300 |
_a242 p., 23 lám. : _bil. ; _c21 cm. |
||
| 700 | 1 |
_aMaluquer de Motes, Joan, _d1915-1988 _975880 |
|
| 852 |
_aES-MaACL _jC-28489 _bR.57668 |
||
| 999 |
_c26888 _d26888 |
||